El personalismo de Teilhard de Chardin
Uloženo v:
| Hlavní autoři: | , |
|---|---|
| Médium: | Kniha |
| Jazyk: | španělština |
| Vydáno: |
Santiago
Del Pacífico
1973
|
| Témata: | |
| Tagy: |
Přidat tag
Žádné tagy, Buďte první, kdo vytvoří štítek k tomuto záznamu!
|
MARC
| LEADER | 00000nam a2200000 a 4500 | ||
|---|---|---|---|
| 001 | UCY1547 | ||
| 003 | CL-VaPUC | ||
| 008 | 940907e19730000CL |||||||||||||||||spa|d | ||
| 082 | 0 | 4 | |a 194 |b NOI |2 21 |
| 100 | |a Noi, Pedro de la |e autor |9 600985 | ||
| 700 | 0 | |a Aninat, Isabel |e author |9 329560 | |
| 245 | 1 | 3 | |a El personalismo de Teilhard de Chardin |
| 300 | |a 309 p | ||
| 942 | |c BK | ||
| 945 | |d 19940907 00:00:00 |a aalvarez | ||
| 260 | |a Santiago |b Del Pacífico |c 1973 | ||
| 600 | 0 | 7 | |a TEILHARD DE CHARDIN, PIERRE |2 CL-VaPUC |9 315457 |
| 650 | 0 | |a Personalismo |9 308807 | |
| 583 | |a last modification |c 19940907 00:00:00 |k Rodrigo Vera | ||
| 999 | |c 230217 |d 230215 | ||
| 952 | |0 0 |1 0 |4 0 |6 194_000000000000000_NOI_1973 |7 0 |8 P |9 232276 |a BIBEDU |b BIBEDU |c BIBEDU_PB |d 2019-11-15 |i 3015084 |o 194 NOI 1973 |p 3015084 |r 2024-01-25 |w 2019-11-15 |y BK |k EDU | ||
| 952 | |0 0 |1 0 |4 0 |6 194_000000000000000_NOI_1973 |7 0 |8 P |9 232277 |a BIBEDU |b BIBEDU |c BIBEDU_PB |d 2019-11-15 |i 1502107 |o 194 NOI 1973 |p 1502107 |r 2024-01-25 |w 2019-11-15 |y BK |k EDU | ||
| 952 | |0 0 |1 0 |4 0 |6 194_000000000000000_NOI_1973 |7 0 |8 P |9 232278 |a BIBEDU |b BIBEDU |c BIBEDU_PB |d 2019-11-15 |i 3418340 |o 194 NOI 1973 |p 3418340 |r 2024-01-25 |w 2019-11-15 |y BK |k BME | ||